Education and social intergration / (Record no. 11267)
[ view plain ]
| 000 -LEADER | |
|---|---|
| fixed length control field | 00438cam a2200169ua 4500 |
| 041 ## - LANGUAGE CODE | |
| Language code of text/sound track or separate title | eng |
| 082 ## - DEWEY DECIMAL CLASSIFICATION NUMBER | |
| Classification number | 370.19 |
| Item number | STA/ED |
| 100 ## - MAIN ENTRY--AUTHOR NAME | |
| Personal name | stanley, William O . |
| 245 ## - TITLE STATEMENT | |
| Title | Education and social intergration / |
| 260 ## - PUBLICATION, DISTRIBUTION, ETC. (IMPRINT) | |
| Place of publication | Columbia : |
| Name of publisher | Teachers college university , |
| Year of publication | 1960. |
| 300 ## - PHYSICAL DESCRIPTION | |
| Number of Pages | 290 ; . |
No items available.
